Statistiques concernant Jeu vidéo par lettre - H

Cliquez ici pour prendre le quiz!

Statistiques générales

  • Ce quiz a été pris 330 fois
  • Le résultat moyen est 12 sur 20

Statistiques - réponses

IndicesRéponses% Correct
Région dans laquelle se déroulent la plupart des jeux The Legend of ZeldaHyrule
94%
FPS de science-fiction, se traduisant littéralement par "demi-vie"Half Life
91%
Dieu grec des Enfers, notamment antagoniste dans Kid Icarus UprisingHadès
89%
Arme de prédilection temporaire de Kratos dans God of War et outil pouvant être d'or ou d'argent dans les jeux Animal CrossingHache
84%
Complétez ce titre de jeu:Sonic the {Hedgehog}
81%
TPS orienté infiltration débutant sa série, dont le protagoniste, l'agent 47, est un clone créé par Ort-Meyer pour tuer, doté de capacités hors du commun, engagé comme tueurs à gageHitman
80%
Outil permettant de travailler la terre pour produire diverses denrées alimentaires dans MinecraftHoue
76%
Skateboarder professionnel donnant son nom à une célèbre série de simulations sportivesTony Hawk
76%
Série créée par Bungie, emblématique des consoles Microsoft, traitant d'un conflit
interstellaire et incluant une intelligence artificielle du nom de Cortana
Halo
75%
Pokémon de départ de type Feu de deuxième générationHéricendre
74%
Rosalina au Québec, gardienne de l'univers et princesse des LumasHarmonie
65%
Franchise littéraire et cinématographique maintes fois adaptées en jeux vidéo,
notamment en Lego par Traveller's Tales
Harry Potter
64%
Morse octroyeur de badges dans les jeux Animal Crossing, tirant son nom d'un gaz rareHélium
57%
Pokémon légendaire quadrupède associé aux volcansHeatran
46%
Metroidvania indépendant sorti en 2017 dont le protagoniste est un chevalier insectoïdeHollow Knight
39%
Ennemi récurrents des jeux Mario, lié à Lakitu, qui ne manque pas de piquant(s)Hériss
35%
Actuel dernier jeu adapté de cette licence, prévu pou fin 2022, antérieur aux
évènements originaux de la saga
Hogwarts Legacy:
L'Héritage de Poudlard
33%
Série de jeux de simulation de vie, devenue Story of Seasons, dans lequel l'objectif est de
rénover et faire prospérer une vieille ferme abandonnée
Harvest Moon
27%
Procureur général souvent à son ami d'enfance Phoenix Wright dans Ace AttorneyBenjamin Hunter
17%
Action-platformer 3D tirant sur le collectathon publié par Humble Bundle en 2017
s'inspirant du classique du genre des années 1990-2000 tels que Banjo-Kazooie
A {Hat} {in} {Time}
15%

Distribution des résultats

Percentile par nombre de réponses

% des personnes avec chaque résultat

Votre développement - résultats

Vous n’avez pas pris ce quiz